000 00627nam a2200181Ia 4500
005 20250508150502.0
008 008 250505s9999 xx 000 0 eng d
037 _aTextual
040 _aFEDL
_beng
_cFEDL
041 _aeng
_2eng
084 _a371.73, CAS
_qFEDL
100 _aCassidy Rosalind
_9756790
245 0 _aNew directions in physical education for the adolescent girl in high school and college : A guide for teachers in cooperative curriculum revision
260 _aNew York, USA
_bA S Barnes and Company
_c1938
300 _axvi,231p
942 _cTEXL
_h371.73, CAS
999 _c1323866
_d1323866